Islam di Sabah

Bibliographic Details
Main Author: Muhiddin Yusin
Format: Book
Published: Kuala Lumpur : DBP , 1990
Subjects:

MARC

LEADER 00000cam a2200000 7i4500
001 0000004980
002 000005370
005 20000330.0
020 |a 9836218874 
090 0 0 |a 297.095953   |b MUH 
100 0 |a Muhiddin Yusin 
245 1 0 |a Islam di Sabah   |c Muhaiddin Yusin 
260 |a Kuala Lumpur :   |b DBP ,   |c 1990 
300 |a 127p. ;   |c 20cm. 
650 0 0 |a Islam   |x Sabah 
999 |a 033536   |b BUKU   |c PINJAMAN   |e PERPUSTAKAAN KOMUNITI PETALING JAYA 
999 |a 075614   |b BUKU   |c PINJAMAN   |e PERPUSTAKAAN KOMUNITI PETALING JAYA